000 00421nam a2200181Ia 4500
001 24144
005 20260414151024.0
008 260414t2025||||xx |||||||||||||| ||spa||
041 _aESP
082 _a781.630985
_bV47
100 _aVera Béjar, Augusto,
_eAUT
245 0 _aEl vals peruano
_b
260 _c2025
300 _a337 páginas :
_c28 cm.
650 _aABD
654 _aCAU
942 _cLIB
_dJUS
_fJUS
_2ddc
_n
999 _c24144
_d24144